000 00964nam a2200289 i 4500
001 11535
003 ES-MaACL
005 20250814054347.0
007 t|
008 921124s1990 sp ||||0| spa d
016 7 _zCHM920010524
020 _a84-7039-588-2
040 _aCHM
_bspa
_cCHM
080 _a929 Machado, Antonio
080 _a929 Gris, Juan
080 _a061.236.61(460)"19"
100 1 _aGarcía-Diego, José A.
_954541
245 1 0 _aAntonio Machado y Juan Gris
_b: dos artistas masones /
_cJosé Antonio García-Diego ; prólogo de Pedro Laín Entralgo.
260 _a[Madrid] :
_bCastalia,
_cD.L. 1990.
300 _a125 p :
_bil ;
_c22 cm.
600 1 4 _aMachado, Antonio,
_d1875-1939-
_xBiografías
_975153
600 1 4 _aGris, Juan,
_d1887-1927-
_xBiografías
_960082
610 2 4 _aMasonería
_95658
700 1 _aLaín Entralgo, Pedro,
_d1908-2001
_969681
852 _aES-MaACL
_jL-18857
_bR.119176
999 _c11535
_d11535